The critic sees : a guide to art criticism /

Bibliographic Details
Main Author: Gill, Sarah
Format: Book
Language:English
Published: Dubuque, Iowa : Kendall/Hunt Pub. Co., [1996]
Edition:2nd rev. printing.
Subjects:

MARC

Tag First Indicator Second Indicator Subfields
LEADER 00000cam a2200000Ia 4500
001 in00002000258
005 20151031123648.0
008 970514s1996 iauaf b 001 0 eng d
010 |a  91078162  
020 |a 0787224529 
035 |a (OCoLC)ocm36907053 
040 |a MNM  |c MNM  |d TXA  |d UtOrBLW 
049 |a TXAM 
090 |a N7475  |b .G5 1996 
100 1 |a Gill, Sarah. 
245 1 4 |a The critic sees :  |b a guide to art criticism /  |c by Sarah Gill. 
250 |a 2nd rev. printing. 
264 1 |a Dubuque, Iowa :  |b Kendall/Hunt Pub. Co.,  |c [1996] 
264 4 |c ©1996 
300 |a xvii, 174 pages, 24 unnumbered pages of plates :  |b illustrations ;  |c 23 cm. 
336 |a text  |b txt  |2 rdacontent 
337 |a unmediated  |b n  |2 rdamedia 
338 |a volume  |b nc  |2 rdacarrier 
504 |a Includes bibliographical references and index. 
650 0 |a Art criticism  |x History  |y 20th century. 
994 |a E0  |b TXA 
948 |a cataloged  |b h  |c 2004/10/18  |d c  |e jlanham  |f 10:04:47 am 
999 |a MARS 
999 f f |s 4ac555cd-b88c-3ecc-9b24-8ee2bcd2125a  |i 70b23fc1-f75f-3677-9cce-aaf5ac119e7c  |t 0 
952 f f |p normal  |a Texas A&M University  |b College Station  |c Sterling C. Evans Library  |d Evans: Library Stacks  |t 0  |e N7475 .G5 1996  |h Library of Congress classification  |i unmediated -- volume  |m A14850221442 
998 f f |a N7475 .G5 1996  |t 0  |l Evans: Library Stacks